[Event "Mercredi 2022.03.02 ABCDE"]
[Site "Montreal CAN"]
[Date "2022.03.10"]
[Round "5"]
[White "Di Matteo, Alessio"]
[Black "Kozlov, Guennadi"]
[Result "0-1"]
[WhiteElo "1766"]
[BlackElo "1905"]
[PlyCount "120"]
[EventDate "2022.03.02"]
[EventType "tourn"]
[EventRounds "5"]
[EventCountry "CAN"]

1. d4 d5 2. c4 c6 3. Nf3 e6 4. Nc3 dxc4 5. a4 Bb4 6. e4 b5 7. Be2 Ne7 8. O-O
Bxc3 9. bxc3 O-O 10. Ba3 Re8 11. Ne5 Bb7 12. f4 Nd7 13. Rf3 Nf6 14. Re3 Ng6 15.
g3 a6 16. h4 Nf8 17. h5 h6 18. g4 N6h7 19. Nf3 Qc7 20. e5 Nd7 21. Bd6 Qd8 22.
a5 Rc8 23. Qe1 c5 24. Qg3 cxd4 25. Nxd4 Nc5 26. Bf3 Bd5 27. Bxd5 exd5 28. Nf5
Ne4 29. Qe1 Qd7 30. Rd1 Qe6 31. Qh4 f6 32. Kg2 Rcd8 33. Qe1 fxe5 34. Bxe5 Nhf6
35. Qh4 Qf7 36. Rde1 Kh7 37. R1e2 Rf8 38. Rf3 Rd7 39. Ne3 Qe6 40. Bd4 Qf7 41.
Rh3 Ne8 42. Be5 Qe6 43. Nf5 N8f6 44. Ne3 Ne8 45. Rf3 Rdf7 46. Nf5 N8f6 47. Ne3
Nd7 48. Bc7 Nxc3 49. Rd2 Nf6 50. g5 Nxh5 51. Be5 Ne4 52. Rxd5 Nxf4+ 53. Bxf4 c3
54. gxh6 g6 55. Re5 Qc6 56. Nc2 Nd2 57. Nd4 Qc4 58. Bxd2 cxd2 59. Rxf7+ Rxf7
60. Qg4 Qf1+ 0-1

[Event "Mercredi 2022.03.02 ABCDE"]
[Site "Montreal CAN"]
[Date "2022.03.30"]
[Round "5"]
[White "Hagopian, Christian"]
[Black "Singher, Jean-Pierre"]
[Result "1-0"]
[WhiteElo "1908"]
[BlackElo "2009"]
[PlyCount "105"]
[EventDate "2022.03.02"]
[EventType "tourn"]
[EventRounds "5"]
[EventCountry "CAN"]

1. c4 Nf6 2. Nc3 e6 3. g3 d5 4. cxd5 exd5 5. d4 c6 6. Nf3 Be7 7. Bg2 O-O 8. O-O
Bf5 9. Bf4 Nbd7 10. Ne5 Re8 11. Nxd7 Qxd7 12. Re1 Bb4 13. a3 Bxc3 14. bxc3 Bh3
15. Bh1 Ne4 16. Qc1 Nd6 17. f3 Nc4 18. e4 Be6 19. h4 dxe4 20. fxe4 f5 21. exf5
Bxf5 22. Be5 Nxe5 23. dxe5 Rad8 24. Ra2 Qd3 25. Kh2 Be6 26. Rae2 Qf5 27. Bg2
Rd3 28. Re3 Red8 29. Rf1 Qg4 30. Ref3 Rxf3 31. Rxf3 h6 32. Qf4 Qxf4 33. gxf4
Rd2 34. Kg3 Bd5 35. Rf2 Rd3+ 36. Kg4 Bxg2 37. Rxg2 Rxc3 38. Kf5 Rd3 39. Rg6 Rd7
40. Ke6 Rd4 41. f5 Kh7 42. h5 c5 43. f6 gxf6 44. Kxf6 Rf4+ 45. Ke7 Rf5 46. e6
Rxh5 47. Rf6 b5 48. Kf7 b4 49. axb4 cxb4 50. e7 Re5 51. e8=Q Rxe8 52. Kxe8 b3
53. Rf3 1-0

[Event "Mercredi 2022.03.02 ABCDE"]
[Site "Montreal CAN"]
[Date "2022.03.30"]
[Round "5"]
[White "Jean, Robert"]
[Black "Destree, Frederic"]
[Result "0-1"]
[WhiteElo "1785"]
[BlackElo "1833"]
[PlyCount "88"]
[EventDate "2022.03.02"]
[EventType "tourn"]
[EventRounds "5"]
[EventCountry "CAN"]

1. d4 g6 2. e4 d6 3. Be3 Nf6 4. f3 c6 5. Qd2 b5 6. Nc3 Qa5 7. Nge2 Nbd7 8. Nc1
Bg7 9. Nb3 Qc7 10. Bh6 O-O 11. g4 Nb6 12. Bxg7 Kxg7 13. Qf2 a5 14. h4 h5 15.
gxh5 Nxh5 16. O-O-O a4 17. Nd2 b4 18. Ne2 Be6 19. Kb1 Nc4 20. Nxc4 Bxc4 21. Nc1
Bxf1 22. Rdxf1 c5 23. f4 cxd4 24. Qxd4+ Kh7 25. f5 Qc5 26. Qxc5 dxc5 27. Nd3
gxf5 28. Rhg1 fxe4 29. Nxc5 Nf6 30. Re1 Rg8 31. Rxg8 Rxg8 32. Nxa4 Nd5 33. c4
bxc3 34. Nxc3 Nxc3+ 35. bxc3 Rg4 36. Rh1 f5 37. a4 e3 38. Kc2 Rxa4 39. Kd3 f4
40. c4 e5 41. Rg1 Ra3+ 42. Ke4 e2 43. c5 f3 44. c6 f2 0-1

[Event "Mercredi 2022.03.02 ABCDE"]
[Site "Montreal CAN"]
[Date "2022.03.30"]
[Round "5"]
[White "Johnson-Constantin, Mathieu"]
[Black "Genzling, Jerome"]
[Result "1-0"]
[WhiteElo "2134"]
[BlackElo "2009"]
[PlyCount "117"]
[EventDate "2022.03.02"]
[EventType "tourn"]
[EventRounds "5"]
[EventCountry "CAN"]

1. e4 c5 2. Nf3 Nc6 3. Bb5 g6 4. Bxc6 dxc6 5. d3 Bg7 6. h3 Nf6 7. O-O O-O 8. a4
a5 9. Be3 b6 10. Na3 Ba6 11. Re1 Re8 12. Nd2 e5 13. Nac4 Nd7 14. Qb1 Nf8 15. b4
axb4 16. a5 Bxc4 17. Nxc4 bxa5 18. Bxc5 Ne6 19. Bb6 Qg5 20. Rxa5 Nf4 21. Ne3
Nxh3+ 22. Kf1 Nf4 23. Qxb4 h5 24. g3 Ne6 25. Ng2 Bf8 26. Rxa8 Rxa8 27. Qc4 c5
28. Nh4 Qg4 29. Qd5 Ra6 30. Rb1 Nd4 31. Kg2 g5 32. f3 Qe6 33. Qxe6 fxe6 34. Ng6
Bd6 35. f4 exf4 36. e5 Bxe5 37. Nxe5 Ra2 38. gxf4 gxf4 39. Kh3 Rxc2 40. Bd8 f3
41. Bf6 Nc6 42. Nxc6 Kf7 43. Bh4 Re2 44. Rf1 e5 45. Rxf3+ Ke6 46. Rf6+ Kd5 47.
Ne7+ Kd4 48. Rd6+ Kc3 49. Nd5+ Kc2 50. Bg5 e4 51. Ne3+ Kb3 52. dxe4 c4 53. Rb6+
Ka2 54. e5 c3 55. e6 h4 56. e7 c2 57. e8=Q c1=Q 58. Qa8+ Qa3 59. Ra6 1-0

[Event "Mercredi 2022.03.02 ABCDE"]
[Site "Montreal CAN"]
[Date "2022.03.30"]
[Round "5"]
[White "Martel, Paul"]
[Black "Milosz, Jerzy"]
[Result "1/2-1/2"]
[WhiteElo "1609"]
[BlackElo "1578"]
[PlyCount "105"]
[EventDate "2022.03.02"]
[EventType "tourn"]
[EventRounds "5"]
[EventCountry "CAN"]

1. b4 e5 2. Bb2 d6 3. e3 Bd7 4. Nf3 a6 5. Be2 Ne7 6. d3 Ng6 7. Nbd2 Be7 8. c4
Nh4 9. Nxh4 Bxh4 10. Nf3 Bf6 11. Qc2 Nc6 12. a3 b5 13. cxb5 axb5 14. d4 Qb8 15.
d5 Ne7 16. e4 Qb6 17. Qd3 Ng6 18. g3 O-O 19. O-O Rfc8 20. Rac1 Be7 21. Rc2 Rf8
22. Qc3 Rac8 23. Bc1 f5 24. Be3 Qb7 25. Bd3 f4 26. gxf4 Nxf4 27. Bxf4 Rxf4 28.
Ne1 c5 29. dxc6 Bxc6 30. Qb3+ Kf8 31. f3 Bd7 32. Rxc8+ Qxc8 33. Qc2 Qxc2 34.
Nxc2 Bd8 35. Kg2 Rh4 36. Rd1 Rh6 37. Ne3 Rg6+ 38. Kf2 Bh4+ 39. Ke2 Bg5 40. Rg1
Bf4 41. Rxg6 hxg6 42. Nd5 Bxh2 43. Nc7 Bg1 44. Nxb5 Bxb5 45. Bxb5 Ke7 46. a4
Kd8 47. Bc4 Kc7 48. b5 Kb6 49. Bb3 Kc5 50. Kd3 g5 51. Kc3 Bd4+ 52. Kd3 Kb4 53.
Bd1 1/2-1/2

[Event "Mercredi 2022.03.02 ABCDE"]
[Site "Montreal CAN"]
[Date "2022.03.30"]
[Round "5"]
[White "Millette, Sylvain"]
[Black "Shahabi, Shahab"]
[Result "0-1"]
[WhiteElo "1630"]
[BlackElo "1551"]
[PlyCount "130"]
[EventDate "2022.03.02"]
[EventType "tourn"]
[EventRounds "5"]
[EventCountry "CAN"]

1. e4 c5 2. d4 cxd4 3. c3 dxc3 4. Nxc3 e6 5. Bc4 Bb4 6. Nf3 Nc6 7. O-O a6 8.
Qe2 b5 9. Bb3 Nge7 10. Rd1 Qc7 11. Bd2 Qb6 12. Be3 Bc5 13. Bxc5 Qxc5 14. Rac1
Qb6 15. Rd6 Qb8 16. Rcd1 O-O 17. Qd2 Na5 18. Ne5 Ra7 19. Nxd7 Bxd7 20. Rxd7
Nec6 21. Qg5 Nxb3 22. axb3 Rxd7 23. Rxd7 Ne5 24. Rd2 f6 25. Qe3 Qc8 26. Qe1 Rd8
27. Qd1 Rxd2 28. Qxd2 Qc7 29. h3 Kf7 30. Nd1 Ke7 31. Kf1 Qd6 32. Ke2 Nc6 33.
Qxd6+ Kxd6 34. Ke3 Na5 35. b4 Nc6 36. f4 Nxb4 37. g4 g6 38. Nf2 Kc5 39. b3 Nc2+
40. Kd3 Nb4+ 41. Kc3 Nc6 42. Nd3+ Kd6 43. b4 e5 44. f5 Nd4 45. Nc5 Ne2+ 46. Kd3
Nf4+ 47. Ke3 Nxh3 48. fxg6 hxg6 49. Nxa6 Ng5 50. Nc5 Ne6 51. Nb3 Ng7 52. Nc5 f5
53. exf5 gxf5 54. gxf5 Nxf5+ 55. Ke4 Ng3+ 56. Kf3 Nf1 57. Ke4 Nd2+ 58. Kd3 Nc4
59. Ke4 Nb6 60. Nd3 Nd7 61. Nb2 Ke6 62. Nd3 Nf6+ 63. Ke3 Kd5 64. Nb2 e4 65. Kd2
Kd4 0-1

[Event "Mercredi 2022.03.02 ABCDE"]
[Site "Montreal CAN"]
[Date "2022.03.30"]
[Round "5"]
[White "Neron, Raynald"]
[Black "Guindon, Alex"]
[Result "0-1"]
[WhiteElo "1559"]
[BlackElo "1514"]
[PlyCount "48"]
[EventDate "2022.03.02"]
[EventType "tourn"]
[EventRounds "5"]
[EventCountry "CAN"]

1. e4 e5 2. Nf3 Nf6 3. Nxe5 d6 4. Nf3 Nxe4 5. d4 d5 6. Bd3 Bd6 7. O-O O-O 8. c4
Bf5 9. cxd5 Nd7 10. Nc3 Ndf6 11. Qc2 Re8 12. Nh4 Nxc3 13. Nxf5 Ncxd5 14. Nxd6
Qxd6 15. Bg5 Nb4 16. Qd2 Nxd3 17. Qxd3 h6 18. Be3 c6 19. Rac1 Ng4 20. g3 Re6
21. Rc5 Rae8 22. Bf4 Qd7 23. Rd1 Re2 24. Rc2 Nxf2 0-1

[Event "Mercredi 2022.04.06 ABCD"]
[Site "Montreal CAN"]
[Date "2022.04.06"]
[Round "1"]
[White "Baran, Marius"]
[Black "Di Matteo, Alessio"]
[Result "0-1"]
[WhiteElo "1750"]
[BlackElo "1822"]
[PlyCount "76"]
[EventDate "2022.04.06"]
[EventType "tourn"]
[EventRounds "5"]
[EventCountry "CAN"]

1. d4 Nf6 2. c4 e6 3. Nc3 Bb4 4. Qc2 O-O 5. Nf3 c5 6. Bd2 cxd4 7. Nxd4 Nc6 8.
e3 d5 9. Nxc6 bxc6 10. a3 Be7 11. cxd5 cxd5 12. Be2 Bd7 13. O-O Rc8 14. Rac1
Ne4 15. Qd1 Nxd2 16. Qxd2 Bf6 17. Rc2 Qb6 18. Rfc1 Rfd8 19. b4 Kf8 20. Bd3 d4
21. Ne4 dxe3 22. Qxe3 Qxe3 23. fxe3 Rxc2 24. Rxc2 Ba4 25. Rd2 Be7 26. Be2 Rxd2
27. Nxd2 Bf6 28. Ne4 Bb2 29. Nc5 Be8 30. a4 Ba3 31. Nd3 Bxa4 32. Nc5 Be8 33.
Na6 Ke7 34. Kf2 Kd6 35. b5 Bc5 36. Kf3 Bd7 37. Ke4 f5+ 38. Kd3 Bxb5+ 0-1

[Event "Mercredi 2022.04.06 ABCD"]
[Site "Montreal CAN"]
[Date "2022.04.06"]
[Round "1"]
[White "Barko, Maxim"]
[Black "Beaudry, Marc-Andre"]
[Result "0-1"]
[WhiteElo "1923"]
[BlackElo "1976"]
[PlyCount "130"]
[EventDate "2022.04.06"]
[EventType "tourn"]
[EventRounds "5"]
[EventCountry "CAN"]

1. e4 e6 2. d4 d5 3. Nc3 Bb4 4. e5 c5 5. a3 Bxc3+ 6. bxc3 Ne7 7. h4 Qc7 8. Rh3
Nbc6 9. h5 h6 10. Qg4 Rg8 11. Nf3 c4 12. a4 Qa5 13. Nd2 Nf5 14. Qf4 Bd7 15. g4
Nfe7 16. Bxc4 dxc4 17. Nxc4 Qa6 18. Nd6+ Kd8 19. Qxf7 Kc7 20. Nb5+ Kb6 21. c4
Qa5+ 22. Bd2 Raf8 23. Bxa5+ Kxa5 24. Qxg8 Nxg8 25. Rb3 b6 26. c3 Ka6 27. Ke2
Nge7 28. Nd6 Na5 29. Rb4 Bc6 30. Rg1 Nb7 31. Nb5 Nd8 32. Rg3 Bd7 33. Nd6 Ndc6
34. Rb2 Na5 35. Ra2 Nc8 36. c5 bxc5 37. dxc5 Nb3 38. c6 Bxc6 39. Rb2 Nxd6 40.
exd6 Nc5 41. Rd2 Ne4 42. Rgd3 Nxd2 43. d7 Rd8 44. Rd6 Kb7 45. Rxd2 Bxa4 46.
Rb2+ Ka8 47. Ke3 Rxd7 48. f4 a6 49. Rb6 Ka7 50. Rxe6 Bb5 51. g5 hxg5 52. fxg5
a5 53. Rg6 a4 54. h6 gxh6 55. gxh6 a3 56. Rg1 a2 57. Rh1 Bd3 58. Ra1 Bb1 59. h7
Rxh7 60. Kd4 Kb6 61. Kc4 Rh4+ 62. Kb3 Kc5 63. Kb2 Kc4 64. Kc1 Kxc3 65. Kd1 Kb2
0-1

[Event "Mercredi 2022.04.06 ABCD"]
[Site "Montreal CAN"]
[Date "2022.04.06"]
[Round "1"]
[White "Batorshin, Illia"]
[Black "Jacquet, Stephane"]
[Result "1-0"]
[WhiteElo "1956"]
[BlackElo "1992"]
[PlyCount "95"]
[EventDate "2022.04.06"]
[EventType "tourn"]
[EventRounds "5"]
[EventCountry "CAN"]

1. Nf3 Nf6 2. c4 g6 3. b4 Bg7 4. Bb2 O-O 5. g3 c6 6. Bg2 d5 7. cxd5 cxd5 8. O-O
Nc6 9. b5 Na5 10. d3 Bd7 11. a4 Rc8 12. Nbd2 a6 13. Nb3 axb5 14. axb5 Nxb3 15.
Qxb3 Qb6 16. Rab1 e6 17. Bd4 Qa5 18. Rfd1 Rfd8 19. Rd2 Be8 20. Ra2 Qc7 21. Ra7
Ra8 22. b6 Qe7 23. Qa2 Rac8 24. Bb2 Bc6 25. Ba3 Qe8 26. Nd2 d4 27. Bxc6 Qxc6
28. Nc4 Qd5 29. Be7 Rd7 30. Ra5 Rxe7 31. Rxd5 Nxd5 32. Rb3 Rc6 33. Qa8+ Bf8 34.
Qa7 Kg7 35. Ne5 Rd6 36. Nc4 Rc6 37. Kg2 h5 38. Qa1 e5 39. Rb5 Nc3 40. Rxe5 Rxe5
41. Nxe5 Rxb6 42. Qa7 Rb4 43. Nc4 Nxe2 44. Kf1 Nc1 45. Qxd4+ Kg8 46. Qd7 Rb1
47. Kg2 Rb3 48. Ne5 1-0

[Event "Mercredi 2022.04.06 ABCD"]
[Site "Montreal CAN"]
[Date "2022.04.06"]
[Round "1"]
[White "Beaulieu, Pierre"]
[Black "Nunez, Omar"]
[Result "1/2-1/2"]
[WhiteElo "1876"]
[BlackElo "1951"]
[PlyCount "119"]
[EventDate "2022.04.06"]
[EventType "tourn"]
[EventRounds "5"]
[EventCountry "CAN"]

1. Nf3 d6 2. d4 f5 3. g3 Nf6 4. Bg2 g6 5. c4 Bg7 6. Nc3 Nc6 7. O-O O-O 8. Re1
e5 9. d5 Ne7 10. Bg5 h6 11. Bxf6 Rxf6 12. b4 a6 13. Rc1 g5 14. Nd2 Ng6 15. e3
e4 16. f4 Qe7 17. fxg5 hxg5 18. Ncxe4 fxe4 19. Nxe4 Rf5 20. c5 Ne5 21. Kh1 Bd7
22. cxd6 cxd6 23. Rc7 g4 24. Re2 Raf8 25. Rxb7 Nf3 26. Qc2 Qe5 27. Qb1 Bb5 28.
Rf2 Qxd5 29. Rc7 Bd3 30. Rxg7+ Kxg7 31. Qb2+ Qe5 32. Nxd6 Qxb2 33. Nxf5+ Rxf5
34. Rxb2 Re5 35. Bxf3 gxf3 36. Kg1 Be2 37. Kf2 Rd5 38. a4 Rd1 39. e4 Rf1+ 40.
Ke3 Rh1 41. b5 axb5 42. axb5 Rxh2 43. b6 f2 44. Rxe2 f1=Q 45. Rxh2 Qg1+ 46. Rf2
Qxg3+ 47. Rf3 Qg1+ 48. Ke2 Qxb6 49. Rf5 Qd4 50. Kf3 Kg6 51. Kf4 Qc3 52. Rg5+
Kh6 53. Rf5 Kg6 54. Rg5+ Kf7 55. Rf5+ Ke6 56. Rd5 Qc7+ 57. Kf3 Qc1 58. Rf5 Qf1+
59. Ke3 Qg1+ 60. Kf3 1/2-1/2

[Event "Mercredi 2022.04.06 ABCD"]
[Site "Montreal CAN"]
[Date "2022.04.06"]
[Round "1"]
[White "Chapdelaine, Gwyn"]
[Black "Singher, Jean-Pierre"]
[Result "1/2-1/2"]
[WhiteElo "1830"]
[BlackElo "1898"]
[PlyCount "74"]
[EventDate "2022.04.06"]
[EventType "tourn"]
[EventRounds "5"]
[EventCountry "CAN"]

1. e4 e6 2. d4 d5 3. exd5 exd5 4. Nf3 Bd6 5. Bd3 Nf6 6. O-O O-O 7. Bg5 Bg4 8.
Nbd2 Nbd7 9. c3 c6 10. Qc2 Qc7 11. h3 Bh5 12. Rfe1 Bg6 13. c4 Rfe8 14. Bxg6
hxg6 15. Rac1 Bb4 16. Bxf6 Nxf6 17. Re5 Bd6 18. Ree1 Bf4 19. cxd5 Nxd5 20. Re4
Nf6 21. Ree1 Red8 22. Rcd1 Bxd2 23. Rxd2 Nd5 24. Rde2 a5 25. Qd2 Qf4 26. Qxf4
Nxf4 27. Re7 Rab8 28. Ng5 f6 29. Ne6 Nxe6 30. R1xe6 Kf8 31. Kf1 Rxd4 32. Rc7
Rd1+ 33. Ke2 Rd5 34. f4 Rb5 35. Kf3 Re8 36. Rd6 Re7 37. Rc8+ Re8 1/2-1/2

[Event "Mercredi 2022.04.06 ABCD"]
[Site "Montreal CAN"]
[Date "2022.04.06"]
[Round "1"]
[White "Destree, Frederic"]
[Black "Lima-Barbosa, Raphael"]
[Result "1-0"]
[WhiteElo "1812"]
[BlackElo "1814"]
[PlyCount "93"]
[EventDate "2022.04.06"]
[EventType "tourn"]
[EventRounds "5"]
[EventCountry "CAN"]

1. Nf3 Nf6 2. g3 g6 3. Bg2 Bg7 4. O-O O-O 5. c4 d5 6. cxd5 Nxd5 7. d4 Nc6 8.
Nc3 Nb6 9. Bf4 Nxd4 10. Nxd4 Bxd4 11. Qc2 e5 12. Bh6 c6 13. Ne4 Nd5 14. Bxf8
Qxf8 15. Qb3 Qe7 16. e3 Bb6 17. Nc3 Nf6 18. Rad1 Bg4 19. Rd2 e4 20. Qa4 Bf5 21.
h3 h5 22. Rfd1 Re8 23. Qc2 Qe6 24. Kh2 Qe5 25. Ne2 h4 26. Qc3 Qe7 27. g4 Bc8
28. Nf4 Bc7 29. Kg1 Bb8 30. Qd4 b6 31. b4 Be5 32. Qc4 Bxf4 33. exf4 e3 34. Re2
exf2+ 35. Kxf2 Qc7 36. Rxe8+ Nxe8 37. Qd4 c5 38. bxc5 bxc5 39. Qc4 Be6 40. Qe4
Qa5 41. Kg1 Qxa2 42. f5 Nf6 43. Qa8+ Kg7 44. fxe6 Qxe6 45. Qxa7 c4 46. Rc1 c3
47. Qd4 1-0

[Event "Mercredi 2022.04.06 ABCD"]
[Site "Montreal CAN"]
[Date "2022.04.06"]
[Round "1"]
[White "Gadbois, Patrick"]
[Black "Hagopian, Christian"]
[Result "1-0"]
[WhiteElo "1888"]
[BlackElo "1880"]
[PlyCount "123"]
[EventDate "2022.04.06"]
[EventType "tourn"]
[EventRounds "5"]
[EventCountry "CAN"]

1. d4 d5 2. Nf3 Nf6 3. Bf4 Bf5 4. e3 e6 5. Bd3 Bg6 6. Bg5 Be7 7. O-O Ne4 8.
Bxe7 Qxe7 9. Ne5 Nd7 10. Nxg6 hxg6 11. Nd2 c6 12. c4 Nxd2 13. Qxd2 dxc4 14.
Bxc4 O-O 15. Rac1 Nf6 16. Bd3 e5 17. dxe5 Qxe5 18. h3 Rfd8 19. Qc2 Nd5 20. a3
Nb6 21. Rfd1 Rd6 22. Be2 Rad8 23. Rxd6 Rxd6 24. Rd1 Rxd1+ 25. Bxd1 Qc7 26. Bf3
Nd7 27. Be4 c5 28. Qb3 b6 29. Qd5 Nf6 30. Qa8+ Kh7 31. Bf3 c4 32. Qc6 Qe5 33.
Qxc4 Qxb2 34. Qa6 Qa1+ 35. Kh2 Qe5+ 36. g3 Qc7 37. Bb7 Nd7 38. Bg2 Nc5 39. Qc4
Qe7 40. Bd5 Kg8 41. e4 Kf8 42. Kg2 Ne6 43. Bxe6 fxe6 44. a4 Kf7 45. h4 Qb7 46.
Qd4 a6 47. Kh3 b5 48. axb5 axb5 49. e5 Qh1+ 50. Kg4 Qb1 51. Qd7+ Kf8 52. Qxe6
Qd1+ 53. f3 Qd4+ 54. Kh3 b4 55. g4 Qc3 56. Qd6+ Kg8 57. Qd5+ Kh7 58. e6 b3 59.
e7 b2 60. e8=Q b1=Q 61. Qeg8+ Kh6 62. Qh8# 1-0

[Event "Mercredi 2022.04.06 ABCD"]
[Site "Montreal CAN"]
[Date "2022.04.06"]
[Round "1"]
[White "Gauthier, Luc"]
[Black "Kulenovic, Sacha"]
[Result "0-1"]
[WhiteElo "1672"]
[BlackElo "1657"]
[PlyCount "108"]
[EventDate "2022.04.06"]
[EventType "tourn"]
[EventRounds "5"]
[EventCountry "CAN"]

1. e4 c6 2. Nc3 d5 3. Nf3 Bg4 4. h3 dxe4 5. Nxe4 Bf5 6. Ng3 Bg6 7. d4 Nf6 8.
Bd3 Bxd3 9. Qxd3 e6 10. O-O Be7 11. Re1 O-O 12. Ne4 Nbd7 13. Bd2 c5 14. Bg5
cxd4 15. Nxf6+ Bxf6 16. Bxf6 Nxf6 17. Qxd4 Qxd4 18. Nxd4 Rfd8 19. Rad1 Rd7 20.
Nb5 a6 21. Rxd7 Nxd7 22. Rd1 Rd8 23. Nc3 Kf8 24. Ne4 Ke7 25. Kf1 f5 26. Ng5 h6
27. Nf3 g5 28. Ke2 e5 29. c4 Rc8 30. b3 b5 31. cxb5 Rc2+ 32. Rd2 Rxd2+ 33. Kxd2
axb5 34. Kc3 Kd6 35. Kb4 Kc6 36. a4 bxa4 37. bxa4 f4 38. Kc4 Nb6+ 39. Kd3 Kd5
40. Nd2 Nxa4 41. f3 Nc5+ 42. Ke2 e4 43. fxe4+ Nxe4 44. Nf1 h5 45. Kf3 Ke5 46.
g4 fxg3 47. Nxg3 Nxg3 48. Kxg3 Ke4 49. Kg2 Kf4 50. Kf2 h4 51. Kg2 Ke3 52. Kg1
Kf3 53. Kh2 Kf2 54. Kh1 Kg3 0-1

[Event "Mercredi 2022.04.06 ABCD"]
[Site "Montreal CAN"]
[Date "2022.04.06"]
[Round "1"]
[White "Genzling, Jerome"]
[Black "Rodrigue-Lemieux, Shawn"]
[Result "0-1"]
[WhiteElo "2022"]
[BlackElo "2435"]
[PlyCount "74"]
[EventDate "2022.04.06"]
[EventType "tourn"]
[EventRounds "5"]
[EventCountry "CAN"]

1. e4 c6 2. d4 d5 3. exd5 cxd5 4. Bd3 Nc6 5. c3 Nf6 6. Bf4 Bg4 7. Qb3 Qd7 8.
Nd2 e6 9. Ngf3 Bd6 10. Ne5 Qc7 11. Nxg4 Bxf4 12. Nxf6+ gxf6 13. g3 Bxd2+ 14.
Kxd2 O-O-O 15. Rad1 e5 16. dxe5 fxe5 17. Kc1 e4 18. Bc2 Qe5 19. Rhe1 f5 20. Qb5
a6 21. Qc5 Rd7 22. Ba4 Qd6 23. Qxd6 Rxd6 24. g4 Ne5 25. Bc2 Kc7 26. gxf5 Rf8
27. Rg1 Rxf5 28. Rg7+ Kc6 29. Rxh7 Rxf2 30. Rh5 Nc4 31. Bb3 Nxb2 32. Rdxd5 Nd3+
33. Kd1 Rg6 34. Rdg5 Rxg5 35. Rxg5 e3 36. Bd5+ Kd6 37. Bf3 Rd2# 0-1

[Event "Mercredi 2022.04.06 ABCD"]
[Site "Montreal CAN"]
[Date "2022.04.06"]
[Round "1"]
[White "Latorre, Vincent"]
[Black "Zheng, Richard"]
[Result "1-0"]
[WhiteElo "2053"]
[BlackElo "2192"]
[PlyCount "85"]
[EventDate "2022.04.06"]
[EventType "tourn"]
[EventRounds "5"]
[EventCountry "CAN"]

1. e4 c6 2. d4 d5 3. exd5 cxd5 4. Bd3 Nc6 5. c3 Qc7 6. Ne2 Bg4 7. O-O e6 8. Qe1
Bd6 9. f3 Bh5 10. Qh4 Bg6 11. Bxg6 fxg6 12. Nf4 Bxf4 13. Qxf4 Qxf4 14. Bxf4 Nf6
15. Re1 Kf7 16. Nd2 Na5 17. Re2 Rac8 18. Nb3 Nxb3 19. axb3 a6 20. b4 Rhd8 21.
Ra5 Ra8 22. Re1 b6 23. Ra4 Rd7 24. Rea1 Rda7 25. b5 a5 26. b3 Rc8 27. c4 Nd7
28. Rc1 Ke7 29. Kf2 Raa8 30. Re1 Kf6 31. Bd6 Ra7 32. c5 Kf7 33. c6 Nf6 34. b4
Ne8 35. Be5 Nc7 36. Bxc7 Raxc7 37. bxa5 bxa5 38. Rxa5 Rb8 39. Rea1 Kf6 40. Kg3
Rb6 41. Ra7 Rc8 42. Ra8 Rc7 43. R1a7 1-0

[Event "Mercredi 2022.04.06 ABCD"]
[Site "Montreal CAN"]
[Date "2022.04.06"]
[Round "1"]
[White "Lopez Linares, Lizandro"]
[Black "Cardin, Guillaume"]
[Result "1/2-1/2"]
[WhiteElo "2181"]
[BlackElo "2040"]
[PlyCount "116"]
[EventDate "2022.04.06"]
[EventType "tourn"]
[EventRounds "5"]
[EventCountry "CAN"]

1. Nf3 Nf6 2. c4 g6 3. b3 Bg7 4. Bb2 O-O 5. g3 c6 6. Bg2 d5 7. d3 Qb6 8. Qc2
dxc4 9. Qxc4 Be6 10. Qc2 Na6 11. O-O Nb4 12. Qc1 a5 13. Nc3 Rfd8 14. Na4 Qa7
15. Nc5 Bg4 16. h3 Bxf3 17. Bxf3 Nd7 18. Bxg7 Kxg7 19. Qb2+ Kg8 20. Na4 e5 21.
a3 Na6 22. Rfc1 Qd4 23. Qc2 Nc7 24. e3 Qd6 25. Be2 Ne6 26. Rd1 f5 27. Nc3 Nf6
28. Bf3 f4 29. Ne4 Nxe4 30. Bxe4 fxg3 31. fxg3 Qc5 32. Qe2 Kg7 33. h4 Qb6 34.
Rab1 Rf8 35. b4 a4 36. Kh2 Nc7 37. Rf1 Rae8 38. h5 Nd5 39. Rfe1 Rf6 40. Bxd5
cxd5 41. Qg4 Qe6 42. Qxe6 Rexe6 43. hxg6 Kxg6 44. b5 Rf2+ 45. Kg1 Ref6 46. Rb4
Rd2 47. Rxa4 Rxd3 48. Ra7 b6 49. Ra6 Kg5 50. a4 Ra3 51. Rd1 Kg4 52. a5 Rxa5 53.
Rxd5 e4 54. Kg2 Rxa6 55. bxa6 b5 56. Re5 Rxa6 57. Rxe4+ Kf5 58. Rb4 Rb6 1/2-1/2

[Event "Mercredi 2022.04.06 ABCD"]
[Site "Montreal CAN"]
[Date "2022.04.06"]
[Round "1"]
[White "Nesterov, Timour"]
[Black "Guipi Bopala, Prince Eric jr"]
[Result "0-1"]
[WhiteElo "1996"]
[BlackElo "2021"]
[PlyCount "76"]
[EventDate "2022.04.06"]
[EventType "tourn"]
[EventRounds "5"]
[EventCountry "CAN"]

1. d4 d5 2. c4 e6 3. Nf3 Nf6 4. Nc3 Be7 5. Bf4 O-O 6. e3 c5 7. cxd5 exd5 8. Be2
Nc6 9. h3 Bf5 10. O-O h6 11. dxc5 Bxc5 12. Nb5 Rc8 13. Rc1 Be7 14. Qa4 a6 15.
Nbd4 Nxd4 16. Qxd4 Qd7 17. Ne5 Qe6 18. Rfd1 Rxc1 19. Rxc1 Rc8 20. Rc3 Rxc3 21.
Qxc3 Qb6 22. g4 Be6 23. a3 Ne4 24. Qc2 Bh4 25. Nd3 Bf6 26. Bf3 Nd6 27. b4 Nc4
28. Qc1 a5 29. bxa5 Qxa5 30. Kg2 Qxa3 31. Qb1 Nd2 32. Qb5 Nxf3 33. Kxf3 Qa6 34.
Qe8+ Kh7 35. Ne5 Bxe5 36. Bxe5 f6 37. Bd4 b5 38. h4 Qc8 0-1

[Event "Mercredi 2022.04.06 ABCD"]
[Site "Montreal CAN"]
[Date "2022.04.13"]
[Round "2"]
[White "Barko, Maxim"]
[Black "Batorshin, Illia"]
[Result "0-1"]
[WhiteElo "2014"]
[BlackElo "1956"]
[PlyCount "90"]
[EventDate "2022.04.06"]
[EventType "tourn"]
[EventRounds "5"]
[EventCountry "CAN"]

1. e4 c6 2. Nf3 d5 3. Nc3 dxe4 4. Nxe4 Nf6 5. Qe2 Nxe4 6. Qxe4 Nd7 7. Bc4 Nf6
8. Ne5 e6 9. Qe2 b5 10. Bb3 Qc7 11. d4 Bb7 12. Bf4 Qc8 13. O-O Be7 14. Rac1 O-O
15. c4 b4 16. c5 Ba6 17. Bc4 Bxc4 18. Nxc4 Rd8 19. Rfd1 Qa6 20. Qc2 Nd5 21. Be5
Qb5 22. Rd3 Bf6 23. Rh3 h6 24. Nd6 Qa6 25. a3 Bxe5 26. dxe5 Nf4 27. Re3 Rab8
28. Qe4 Nd5 29. Rf3 Rd7 30. Rb3 Rdd8 31. axb4 Qa4 32. Qf3 Rd7 33. b5 cxb5 34.
c6 Rc7 35. Ra3 Qd4 36. Qe2 b4 37. Nb5 Rxb5 38. Qxb5 bxa3 39. bxa3 Qxe5 40. Qb8+
Kh7 41. Rd1 Qd6 42. Qb1+ g6 43. Qb2 Qxc6 44. h4 Nf4 45. f3 Qb6+ 0-1

[Event "Mercredi 2022.04.06 ABCD"]
[Site "Montreal CAN"]
[Date "2022.04.13"]
[Round "2"]
[White "Beaudry, Marc-Andre"]
[Black "Guipi Bopala, Prince Eric jr"]
[Result "1-0"]
[WhiteElo "1976"]
[BlackElo "2021"]
[PlyCount "65"]
[EventDate "2022.04.06"]
[EventType "tourn"]
[EventRounds "5"]
[EventCountry "CAN"]

1. e4 c6 2. d4 d5 3. e5 Bf5 4. Nd2 e6 5. Nb3 Nd7 6. Nf3 h6 7. Be2 Ne7 8. O-O
Bg6 9. a4 Nf5 10. a5 a6 11. Bd2 Be7 12. g4 Nh4 13. Nxh4 Bxh4 14. f4 f5 15. Bd3
O-O 16. Be3 Be7 17. Kh1 Qe8 18. Rg1 Qf7 19. h3 fxg4 20. hxg4 Bxd3 21. Qxd3 h5
22. Qe2 hxg4 23. Qxg4 Rfc8 24. Raf1 Bf8 25. f5 exf5 26. Rxf5 Qe7 27. Bg5 Qe6
28. Bf6 Nxf6 29. exf6 Rc7 30. fxg7 Qh6+ 31. Rh5 Rxg7 32. Rxh6 Rxg4 33. Rxg4+
1-0

[Event "Mercredi 2022.04.06 ABCD"]
[Site "Montreal CAN"]
[Date "2022.04.26"]
[Round "2"]
[White "Cardin, Guillaume"]
[Black "Zheng, Richard"]
[Result "1-0"]
[WhiteElo "2040"]
[BlackElo "2192"]
[PlyCount "81"]
[EventDate "2022.04.06"]
[EventType "tourn"]
[EventRounds "5"]
[EventCountry "CAN"]

1. d4 d5 2. c4 c6 3. Nf3 Nf6 4. e3 Bf5 5. Nc3 e6 6. Nh4 Be4 7. f3 Bg6 8. Qb3
Qc7 9. Bd2 Bd6 10. O-O-O Nbd7 11. Nxg6 hxg6 12. cxd5 Nxd5 13. Nxd5 exd5 14. Kb1
Qb6 15. Qa4 a5 16. e4 dxe4 17. fxe4 Bb4 18. Bg5 Nf6 19. Qc2 Be7 20. Bc4 Rd8 21.
e5 Nd5 22. Bxe7 Kxe7 23. Rhf1 Rhf8 24. Rf3 Qc7 25. Rdf1 Qd7 26. e6 Qxe6 27. Qf2
Kd7 28. Rxf7+ Rxf7 29. Qxf7+ Qxf7 30. Rxf7+ Kc8 31. Bxd5 Rxd5 32. Rxg7 Rg5 33.
g3 Kb8 34. a4 Ka7 35. Kc2 Ka6 36. Kd3 Rg4 37. Rd7 Rg5 38. Rd6 Kb6 39. Re6 Rg4
40. b3 Kc7 41. Re4 1-0